000 00512nam a2200145 a 4500
008 120416s1933 ||||||||||||||||| || u
050 _aB 3313. A43E5 Nie
100 _aNietzache, Friedrich W
245 1 0 _aThus spake Zarathustra
260 _aNew York
_bModern Library
_c1933
300 _axxiii, 368p.
350 _a0.00
650 _aPHILOSOPHY
995 _D0.00
_FCBU-MAIN LIBRARY (Kitwe)
_H1
_I0.00
_M1
_UAVAILABLE
_ZMain Library Open Access Collection
999 _c59892
_d59892